00569nam a2200205 a 450000500170000000800410001704000250005804100080008304400070009110000260009824500640012426000260018830000100021465000160022465000280024065000110026865000300027966200130030970000410032220151120094552.0140220b1997 ck ||||| |||| 00| 0 spa d aCO-BoIAVHcCO-BoIAVH aspa ack aOrtiz Barbosa, Rafael aManual del usuario para bases de datos PPF-Plant y PPF-Labs aBogotábCONIFc1997 a35 p. aFitosanidad aPlantaciones forestales aPlagas aSistemas de información aColombia aSánchez Guillén, Luciano Alfonso